| Tag |
First Indicator |
Second Indicator |
Subfields |
| LEADER |
00000cam a2200000 a 4500 |
| 001 |
in00000072631 |
| 005 |
20151008054554.0 |
| 008 |
810410s1858 fr 00010 fre d |
| 035 |
|
|
|a (OCoLC)07325390
|
| 035 |
|
|
|9 AAJ1048AM
|
| 040 |
|
|
|a RETROCON/NYGG (ZYU)
|c ZYU
|d TXA
|d UtOrBLW
|
| 049 |
|
|
|a TXAM
|d [
|v =t.]
|v 1 [1654860]
|v 2 [A09819233]
|
| 090 |
|
|
|a BD112
|b .V2 1858
|
| 100 |
1 |
|
|a Vacherot, E.
|q (Etienne),
|d 1809-1897.
|
| 245 |
1 |
3 |
|a La metaphysique et la science, ou, Principes de metaphysique positive /
|c par Etienne Vacherot.
|
| 264 |
|
1 |
|a Paris :
|b F. Chamerot,
|c 1858.
|
| 300 |
|
|
|a 2 volumes ;
|c 19 cm.
|
| 336 |
|
|
|a text
|b txt
|2 rdacontent
|
| 337 |
|
|
|a unmediated
|b n
|2 rdamedia
|
| 338 |
|
|
|a volume
|b nc
|2 rdacarrier
|
| 650 |
|
0 |
|a Metaphysics.
|
| 650 |
|
0 |
|a Science.
|
| 650 |
|
0 |
|a Philosophy.
|
| 740 |
0 |
|
|a Principes de metaphysique positive.
|
| 999 |
|
|
|a MARS
|
| 999 |
f |
f |
|s 31684b71-9368-3e53-a697-a1882b74c06f
|i 40efda69-088e-3ca1-91e2-ca2f4c4849ae
|t 0
|
| 952 |
f |
f |
|p ric
|a Texas A&M University
|b Rellis Campus
|c Joint Library Facility
|d Remote Storage
|t 0
|e BD112 .V2 1858
|h Library of Congress classification
|i unmediated -- volume
|k t.2
|m A14809819233
|
| 952 |
f |
f |
|p ric
|a Texas A&M University
|b Rellis Campus
|c Joint Library Facility
|d Remote Storage
|t 0
|e BD112 .V2 1858
|h Library of Congress classification
|i unmediated -- volume
|k t.1
|m A14806085542
|
| 998 |
f |
f |
|a BD112 .V2 1858
|s t.2
|t 0
|l Remote Storage
|